000 00903cam a22003133a 4500
001 20418
003 PGUSA
005 20140828083431.0
008 070122s2007||||xxu|||||s|||||000 1 eng d
040 _aPGUSA
_beng
042 _adc
050 4 _aPS
100 1 _aLaut, Agnes C.,
_d1871-1936
245 1 0 _aLords of the North
_h[electronic resource] /
_cAgnes C. Laut
260 _bProject Gutenberg,
_c2007
506 _aPublic domain in the USA.
516 _aElectronic text
653 _aNorthwest, Canadian -- Fiction
653 _aWestern stories
653 _aIndian women -- Fiction
653 _aWilderness areas -- Fiction
653 _aFur trade -- Fiction
653 _aFur traders -- Fiction
653 _aWomen pioneers -- Fiction
653 _aHistorical fiction
830 0 _aProject Gutenberg
_v20418
856 4 0 _uhttp://www.gutenberg.org/ebooks/20418
942 _cEB
999 _c249673
_d249673